LEADER 01371nam0 22003253i 450 001 UBO4475702 005 20251003044425.0 010 $a9788836230167 100 $a20210113d2020 ||||0itac50 ba 101 | $aita$cita 102 $ait 181 1$6z01$ai $bxxxe 182 1$6z01$an 183 1$6z01$anc$2RDAcarrier 200 1 $aEsercizi e complementi sulle reti elettriche$fLuigi Verolino 210 $aNapoli$cEdiSES università$d2020 215 $aVII, 787 p.$cill.$d27 cm 500 10$aEsercizi e complementi sulle reti elettriche$3CAG2126809$9CFIV120484$91772550 606 $aReti elettriche$2FIR$3CFIC012850$9E 676 $a621.3192$9ENERGIA ELETTRICA. RETI (CIRCUITERIA E LINEE)$v23 700 1$aVerolino$b, Luigi$f <1960- >$3CFIV120484$09372 801 3$aIT$bIT-000000$c20210113 850 $aIT-BN0095 $aIT-AV0007 901 $bNAP AV$cSEZ. M $nSezione Moderna 901 $bNAP 01$cBCA $nComprende monografie e periodici di diritto, testi di ingegneria, di scienze e tecnologia di nuova acquisizione. 912 $aUBO4475702 950 0$aBiblioteca Centralizzata di Ateneo$c1 v.$d 01BCA SC. TECNOL 264$e 01 0000123555 VMA 1 v.$fY $h20230807$i20230807 977 $a 01$a AV 996 $aEsercizi e complementi sulle reti elettriche$91772550 997 $aUNISANNIO